: اردو صحافت (Record no. 109252)

MARC details
000 -LEADER
fixed length control field 00999nam a22002537a 4500
005 - DATE AND TIME OF LATEST TRANSACTION
control field 20170123162351.0
010 ## - LIBRARY OF CONGRESS CONTROL NUMBER
LC control number A-842080
020 ## - INTERNATIONAL STANDARD BOOK NUMBER
Terms of availability 32.00
035 ## - SYSTEM CONTROL NUMBER
System control number A-842080
037 ## - SOURCE OF ACQUISITION
Source of stock number/acquisition Cen Lib/Ret
040 ## - CATALOGING SOURCE
Original cataloging agency DPL
Language of cataloging UR
082 ## - DEWEY DECIMAL CLASSIFICATION NUMBER
Classification number 070.9
Item number ا ن و
245 ## - TITLE STATEMENT
Title : اردو صحافت
Statement of responsibility, etc مرتبه انورعلی دھلوی
Remainder of title / اردو صحافت سیمینار میں پڑہےگئے مقالات کا مجموء
246 ## - VARYING FORM OF TITLE
Title proper/short title Urdu sahafat: urdu sahafat seminar main padhe gie mqamat ka majmua /
Remainder of title edited by Anoor Ali Dahelvi
260 ## - PUBLICATION, DISTRIBUTION, ETC. (IMPRINT)
Place of publication, distribution, etc نئی دہلی
Name of publisher, distributor, etc اردو اکادمی
Date of publication, distribution, etc 1987
270 ## - ADDRESS
Address 46- ای پاکٹ ای کالا جی ےشتےنتِون
City نئی دہلی
Postal code 110019
300 ## - PHYSICAL DESCRIPTION
Extent 332p.
Dimensions 20cm(Hb)
650 ## - SUBJECT ADDED ENTRY--TOPICAL TERM
Topical term or geographic name as entry element اردو ادب
9 (RLIN) 136576
650 ## - SUBJECT ADDED ENTRY--TOPICAL TERM
Topical term or geographic name as entry element تعلیم - اردو ادب
9 (RLIN) 108494
650 ## - SUBJECT ADDED ENTRY--TOPICAL TERM
Topical term or geographic name as entry element Urdu Literatures
9 (RLIN) 136577
650 ## - SUBJECT ADDED ENTRY--TOPICAL TERM
Topical term or geographic name as entry element Education
9 (RLIN) 1169
700 ## - ADDED ENTRY--PERSONAL NAME
Personal name دھلوی، انورعلی
9 (RLIN) 136578
942 ## - ADDED ENTRY ELEMENTS (KOHA)
Source of classification or shelving scheme Dewey Decimal Classification
Koha item type Urdu Bks
Classification part 070.9
Call number suffix ا ن و
Holdings
Withdrawn status Lost status Damaged status Not for loan Home library Current library Date acquired Source of acquisition Cost, normal purchase price Total Checkouts Full call number Barcode Date last seen Copy number Cost, replacement price Price effective from Koha item type
        Central Library Central Library 01/03/2016 Cen Lib/Ref 32.00   070.9 ا ن و A-842080 01/03/2016 1 32.00 01/03/2016 Urdu Bks

© Delhi Public Library
Hit Counter
free hit counter